Analýza dane z nehnuteľností na území SR a vo vybraných krajinách V4 bakalárska práca

Enregistré dans:
Détails bibliographiques
Auteur principal: Czodor, Erik
Collectivité auteur: Národohospodárska fakulta EU. Katedra financií
Autres auteurs: Kleštincová, Soňa, 1995-
Format: Livre
Langue:slovaque
Publié: Bratislava 2021
Tags: Ajouter un tag
Pas de tags, Soyez le premier à ajouter un tag!

MARC

LEADER 00000nbm a2200000 4500
001 0275276
005 20211210124130.4
041 0 |a slo 
044 |a SK 
245 1 0 |a Analýza dane z nehnuteľností na území SR a vo vybraných krajinách V4  |b bakalárska práca  |c Erik Czodor ; školiteľ: Soňa Kleštincová 
264 1 |a Bratislava  |c 2021 
300 |a 43 s. 
100 1 |a Czodor, Erik 
700 1 |a Kleštincová, Soňa, 1995- 
710 2 |a Národohospodárska fakulta EU. Katedra financií